| 000 | 00830nam a2200241 a 4500 | ||
|---|---|---|---|
| 001 | 000025345 | ||
| 005 | 20200930023725.0 | ||
| 008 | 110215s20uu dr ac 000 0 spa d | ||
| 020 | _a994540203x | ||
| 040 |
_aDO-SdBNP _bspa _cBNPHU |
||
| 082 |
_a972.93693 _bM754n |
||
| 245 | 0 | 0 | _aMonseñor Nouel. |
| 260 |
_aSanto Domingo : _bBanreservas, _c[200-?]. |
||
| 300 |
_a105 p. : _bil., retr. ; _c26 cm. |
||
| 490 | 1 | _aFragmentos de patria | |
| 504 | _aBibliografía: p. 104-105 | ||
| 651 | 4 |
_aMonseñor Nouel (República Dominicana{Rpara} _xHistoria Local _951900 |
|
| 651 | 4 |
_aMonseñor Nouel (República Dominicana{Rpara} _xVida Social Y Costumbres _951901 |
|
| 650 | 4 |
_aCiudades y pueblos _zRepública Dominicana _9784 |
|
| 830 | 0 |
_aFragmentos de patria _944949 |
|
| 910 | _aValidado. Control de calidad BNPHU | ||
| 049 | _aBNPD | ||
| 999 |
_c24837 _d24837 |
||